000 01011cam a2200253 i 4500
003 SA-RiAUC
005 20250519052131.0
008 250518s2000 ua g 00000 ara c
040 _aSA-JeALM
_bara
_cSA-RiAUC
_erda
082 0 4 _a251.6
090 _a251.6
_bك ا م
100 1 _aكامل، عمر عبد الله،
_d1371 هجري-
_eمؤلف.
245 1 2 _aالقواعد الفقهية الكبرى وأثرها في المعاملات المالية /
_cتأليف عمر عبد الله كامل.
264 1 _aالقاهرة :
_bدار الكتبي ؛
_c2000
300 _a2 مجلد ؛
_c24 سم
336 _aنص
_btxt
_2rdacontent
_3كتاب
337 _aبدون وسيط
_bn
_2rdamedia
338 _aمجلد
_bnc
_2rdacarrier
500 _aالأصل أطروحة (دكتوراه)-جامعة الأزهر، 2000.
650 7 _aالقواعد الفقهية
_2aucsh
650 7 _aأصول الفقه الإسلامي
_2aucsh
942 _2ddc
_cBOOK
_n0
949 _aSA-JeALM
_d250518
_uosman123
_n1
999 _c8045
_d8045